| 000 | 00569nam a2200193 4500 | ||
|---|---|---|---|
| 001 | 126667 | ||
| 003 | ES-MaACL | ||
| 005 | 20231228062700.0 | ||
| 007 | t| | ||
| 008 | 070214s1952 sp r ||||1| spa d | ||
| 100 | 0 |
_aRévész, Andrés. _996422 |
|
| 245 | 1 | 3 |
_aLa edad de amar / _cAndrés Révész ; prólogo del doctor Gregorio Marañón. |
| 250 | _a1ª. ed. | ||
| 260 |
_aBarcelona : _bAymá, _c1952. |
||
| 300 |
_a195 p. : _bil. ; _c18 cm. |
||
| 700 | 1 |
_aMarañón, Gregorio, _d1887-1960 _976311 |
|
| 852 |
_aES-MaACL _jD-8279 _bR.32321 |
||
| 999 |
_c126667 _d126667 |
||